Statistics for Song Titles by Synonyms #4

Click here to take the quiz!

General Stats

  • This quiz has been taken 385 times
  • The average score is 12 of 25

Answer Stats

Hint Answer % Correct
Escalator To ParadiseStairway To Heaven
84%
Every Inhaltion You CatchEvery Breath You Take
83%
Existence On The Red PlanetLife on Mars?
81%
Black StallionDark Horse
75%
Farwell Farwell FarewellBye Bye Bye
68%
Suave BanditSmooth Criminal
66%
Deity Only ComprehendsGod Only Knows
64%
Sprint To The MountainsRun To The Hills
58%
Cool To Be RectangularHip To Be Square
56%
Stroll On The Rough EdgeWalk On The Wild Side
56%
Individual WomenSingle Ladies
53%
Humans Are OddPeople Are Strange
53%
Consumerist LadyMaterial Girl
52%
If I Possessed A Vascular MuscleIf I Had A Heart
47%
Demolition SphereWrecking Ball
47%
Gyrate Your RearendShake Your Booty
43%
When Will I Achieve Celebrity Status?When Will I Be Famous?
40%
WeirdoCreep
35%
Harsh But RealitySad But True
25%
Singing AvianSongbird
18%
The Cusp of TranscendenceThe Edge of Glory
17%
The Plectrum Of FateThe Pick Of Destiny
12%
Mystical CarriageMagic Bus
9%
Cannabis TubeHash Pipe
8%
Prophet Of The City LimitsJesus of Suburbia
7%

Score Distribution

Percentile by Number Answered

Percent of People with Each Score

Your Score History

You have not taken this quiz